[Event "3rd 4NCL Easter Congress"]
[Site "Mercure Daventry Court Hotel"]
[Date "2023.04.07"]
[Round "1"]
[Board "7"]
[White "Dhingra, Kanvansh"]
[Black "Gibbs, John"]
[Result "1/2-1/2"]
[WhiteElo "1420"]
[BlackElo "1636"]
[PlyCount "98"]
[EventDate "2023.04.07"]
[EventRounds "7"]
[EventCountry "ENG"]

1. e4 c5 2. c3 Nf6 3. e5 Nd5 4. d4 e6 5. Nf3 Nc6 6. Be2 Be7 7. O-O O-O 8. h3 f6 9.
exf6 Nxf6 10. Be3 b6 11. dxc5 bxc5 12. Nbd2 d5 13. Nb3 Qb6 14. Qc2 a5 15. Rfd1 a4
16. Nc1 Qc7 17. Nd3 Ne4 18. Nde1 c4 19. Nd4 Nxd4 20. Bxd4 Bc5 21. Bf3 Bxd4 22. Rxd4
Nf6 23. Qc1 Bd7 24. Nc2 Rf7 25. Nb4 Raf8 26. Rd1 Qc5 27. Qd2 Ne4 28. Qd4 Qxd4 29.
Rxd4 Nf6 30. Re1 g6 31. Re5 Ne8 32. Na6 Ng7 33. Nc5 Bc8 34. Nxa4 Ra7 35. b3 Rf5 36.
Rxf5 Nxf5 37. Rd2 cxb3 38. axb3 Rc7 39. b4 Nd6 40. Nc5 Nb5 41. Rd3 Ra7 42. Re3 Kf7
43. Bg4 Ra1+ 44. Kh2 Rc1 45. Na4 h5 46. Be2 Nd6 47. b5 Bd7 48. Nc5 Bxb5 49. Bxb5
Nxb5  1/2-1/2

[Event "3rd 4NCL Easter Congress"]
[Site "Mercure Daventry Court Hotel"]
[Date "2023.04.07"]
[Round "1"]
[Board "8"]
[White "Shivakumar, Akshath"]
[Black "Goldsmith, Jennifer"]
[Result "1-0"]
[WhiteElo "1408"]
[BlackElo "1281"]
[PlyCount "85"]
[EventDate "2023.04.07"]
[EventRounds "7"]
[EventCountry "ENG"]

1. d4 d5 2. c4 c6 3. Nf3 Nf6 4. g3 dxc4 5. Bg2 Bf5 6. O-O Nbd7 7. Nbd2 e6 8. Nxc4
Be7 9. b3 O-O 10. Bb2 Rc8 11. e3 c5 12. Nfe5 Qc7 13. Rc1 Qb8 14. Nxd7 Nxd7 15. Na5
Rc7 16. dxc5 Bxc5 17. Qf3 Bb6 18. Nxb7 Rfc8 19. Rxc7 Rxc7 20. Nd6 Rc2 21. Nxf5 Rxb2
22. Ne7+ Kf8 23. Nc6 Qb7 24. Qh5 Nf6 25. Qe5 Rd2 26. Qc3 Rd6 27. Qb4 Qc7 28. e4 Kg8
29. e5 Rxc6 30. Bxc6 Qxc6 31. exf6 g6 32. Qc4 Qd7 33. Rc1 h5 34. Qc8+ Qxc8 35. Rxc8+
Kh7 36. a4 Bd4 37. Rc7 Kg8 38. b4 Bb6 39. Rb7 Bd4 40. b5 Bb6 41. Rxb6 axb6 42. a5
bxa5 43. b6  1-0

[Event "3rd 4NCL Easter Congress"]
[Site "Mercure Daventry Court Hotel"]
[Date "2023.04.07"]
[Round "1"]
[Board "9"]
[White "Dargue, Peter W"]
[Black "Morris, Nigel W"]
[Result "1/2-1/2"]
[WhiteElo "1339"]
[BlackElo "1366"]
[PlyCount "58"]
[EventDate "2023.04.07"]
[EventRounds "7"]
[EventCountry "ENG"]

1. e4 c5 2. Nf3 d6 3. Bb5+ Nd7 4. O-O a6 5. Bxd7+ Qxd7 6. c4 Nf6 7. Nc3 e6 8. d4
cxd4 9. Qxd4 Be7 10. h3 O-O 11. b3 Qc7 12. Re1 Nd7 13. Bb2 Bf6 14. Qd2 Rd8 15. Ne2
b6 16. Bxf6 Nxf6 17. Nc3 Bb7 18. Red1 Rd7 19. Qe3 Rad8 20. Rd4 e5 21. Rd2 Bc6 22.
Nd5 Bxd5 23. exd5 h6 24. Nh4 Rf8 25. Nf5 Nh7 26. Qg3 f6 27. Nxh6+ Kh8 28. Nf5 Rg8
29. Re2 g6  1/2-1/2

[Event "3rd 4NCL Easter Congress"]
[Site "Mercure Daventry Court Hotel"]
[Date "2023.04.07"]
[Round "1"]
[Board "11"]
[White "Reghu, Jyothika Ullukaranparambil"]
[Black "Smith, Adam"]
[Result "1/2-1/2"]
[WhiteElo "1400"]
[BlackElo "1598"]
[PlyCount "74"]
[EventDate "2023.04.07"]
[EventRounds "7"]
[EventCountry "ENG"]

1. e4 c6 2. d4 d5 3. f3 e6 4. Nc3 Nd7 5. Bd3 Be7 6. Be3 Ngf6 7. e5 Nh5 8. Qd2 g6
9. O-O-O c5 10. g4 cxd4 11. Bxd4 Bg5 12. Be3 Bxe3 13. Qxe3 Ng7 14. f4 Nb6 15. Nf3
Bd7 16. Nd4 Na4 17. Nxa4 Bxa4 18. f5 exf5 19. gxf5 Qb6 20. Qh6 O-O-O 21. c3 Bxd1
22. Qxg7 Bf3 23. Re1 Bg4 24. Qxf7 Rd7 25. Qe6 Qxe6 26. fxe6 Re7 27. Be2 Bf5 28. Rf1
Kc7 29. Nxf5 gxf5 30. Rxf5 Rxe6 31. Bh5 Rd8 32. Bf7 Re7 33. e6 d4 34. Rh5 dxc3 35.
bxc3 Rh8 36. Rh6 Kd6 37. Rh5 b6  1/2-1/2

[Event "3rd 4NCL Easter Congress"]
[Site "Mercure Daventry Court Hotel"]
[Date "2023.04.07"]
[Round "1"]
[Board "12"]
[White "Gilbert, David J"]
[Black "Mehmood, Muhammed"]
[Result "1-0"]
[WhiteElo "1552"]
[BlackElo "1387"]
[PlyCount "95"]
[EventDate "2023.04.07"]
[EventRounds "7"]
[EventCountry "ENG"]

1. c4 Nf6 2. Nc3 g6 3. g3 Bg7 4. Bg2 Nc6 5. Nf3 O-O 6. Rb1 e6 7. b4 Ne7 8. b5 d5
9. cxd5 Nexd5 10. Nxd5 exd5 11. O-O Re8 12. d3 Bf5 13. Nd4 Bd7 14. a4 Qc8 15. Qc2
Bh3 16. Bf4 Bxg2 17. Kxg2 Nh5 18. Be3 c6 19. bxc6 bxc6 20. Nxc6 Re6 21. Rfc1 a5 22.
Ne7+ Rxe7 23. Qxc8+ Rxc8 24. Rxc8+ Bf8 25. Rbb8 Nf6 26. Rxf8+ Kg7 27. Bd4 Re6 28.
Bxf6+ Rxf6 29. Rfd8 Rf5 30. Rb5 Kh6 31. Rdxd5 Rf6 32. Rxa5 g5 33. Rxg5 Rd6 34. Rh5+
Kg6 35. Rag5+ Kf6 36. Rh6+ Kxg5 37. Rxd6 f5 38. a5 h5 39. Rd4 h4 40. Rxh4 f4 41.
Rxf4 Kg6 42. a6 Kg7 43. a7 Kh7 44. a8=Q Kg7 45. Qf8+ Kh7 46. Rf7+ Kg6 47. Qg8+ Kh6
48. Rh7#  1-0

[Event "3rd 4NCL Easter Congress"]
[Site "Mercure Daventry Court Hotel"]
[Date "2023.04.07"]
[Round "1"]
[Board "13"]
[White "Sahoo, Shivam"]
[Black "Neil, Graham"]
[Result "0-1"]
[WhiteElo "1377"]
[BlackElo "1578"]
[PlyCount "128"]
[EventDate "2023.04.07"]
[EventRounds "7"]
[EventCountry "ENG"]

1. Nf3 g6 2. d4 Bg7 3. c4 Nf6 4. Nc3 O-O 5. Bf4 c6 6. e3 d5 7. cxd5 Nxd5 8. Nxd5
Qxd5 9. Bd3 Bg4 10. Be2 Nd7 11. O-O Nf6 12. h3 Bf5 13. Ne5 Qd8 14. Bc4 Nd5 15. Bxd5
Qxd5 16. f3 Qb5 17. e4 Be6 18. Qd2 Rad8 19. a4 Qb6 20. Rfd1 Bb3 21. a5 Qb5 22. Rdc1
Bxe5 23. Bxe5 Qxe5 24. Ra3 Rxd4 25. Qc3 Rd1+ 26. Kf2 Qxc3 27. Rxc3 Be6 28. b4 a6
29. Rd3 Rd8 30. Ke3 Bc4 31. Rxd8+ Rxd8 32. Rc3 Bb5 33. Kf4 f6 34. g4 Rd4 35. Rb3
Kf7 36. g5 e5+ 37. Kg4 f5+ 38. Kg3 fxe4 39. fxe4 Rxe4 40. Rf3+ Ke7 41. Kf2 Rf4 42.
Rxf4 exf4 43. Kf3 Kd6 44. Kxf4 Kd5 45. h4 Kc4 46. Ke5 Kxb4 47. Kf6 Be2 48. Kg7 Bh5
49. Kxh7 Kxa5 50. Kh6 b5 51. Kh7 b4 52. Kh6 b3 53. Kh7 b2 54. Kh6 b1=Q 55. Kh7 Qb8
56. Kg7 c5 57. Kh7 c4 58. Kg7 Qe5+ 59. Kh7 c3 60. Kg8 c2 61. Kh7 c1=Q 62. Kg8 Qc8+
63. Kf7 Qce6+ 64. Kf8 Qh8#  0-1

[Event "3rd 4NCL Easter Congress"]
[Site "Mercure Daventry Court Hotel"]
[Date "2023.04.07"]
[Round "1"]
[Board "14"]
[White "Loyden, Gary"]
[Black "Tomy, Jake"]
[Result "1/2-1/2"]
[WhiteElo "1444"]
[BlackElo "1306"]
[PlyCount "67"]
[EventDate "2023.04.07"]
[EventRounds "7"]
[EventCountry "ENG"]

1. e4 e5 2. Nf3 Nc6 3. Bc4 Be7 4. d4 exd4 5. Nxd4 d6 6. Nxc6 bxc6 7. O-O Nf6 8. Nc3
O-O 9. h3 Nxe4 10. Nxe4 d5 11. Bd3 dxe4 12. Bxe4 Qxd1 13. Rxd1 Bb7 14. Bf4 f5 15.
Bf3 Rac8 16. Rd7 Bd8 17. Be5 Rf7 18. Rad1 Bf6 19. Bxf6 Rxf6 20. Rd8+ Rxd8 21. Rxd8+
Rf8 22. Rxf8+ Kxf8 23. b3 a5 24. a3 Ke7 25. Kf1 Ba6+ 26. Be2 Bxe2+ 27. Kxe2 Kd6 28.
Ke3 Ke5 29. f4+ Kd6 30. Kd4 c5+ 31. Kc4 c6 32. Kd3 Kd5 33. c4+ Ke6 34. Ke3  1/2-1/2

[Event "3rd 4NCL Easter Congress"]
[Site "Mercure Daventry Court Hotel"]
[Date "2023.04.07"]
[Round "1"]
[Board "15"]
[White "Borissow, Alastair"]
[Black "Craddock-Monroe, Harvey"]
[Result "0-1"]
[WhiteElo "1346"]
[BlackElo "1545"]
[PlyCount "120"]
[EventDate "2023.04.07"]
[EventRounds "7"]
[EventCountry "ENG"]

1. Nf3 d6 2. d4 g6 3. g3 Bg7 4. Bg2 e5 5. dxe5 dxe5 6. Qxd8+ Kxd8 7. O-O f6 8. Nc3
c6 9. Ne4 Kc7 10. Be3 Bf5 11. Nfd2 Nd7 12. Nc4 Bxe4 13. Bxe4 f5 14. Bg2 Nb6 15. Nxb6
axb6 16. f4 e4 17. c3 Ne7 18. Bd4 Bxd4+ 19. cxd4 Rhd8 20. e3 Nd5 21. Kf2 Nb4 22.
h3 Nd3+ 23. Ke2 Nxb2 24. g4 Ra3 25. Rfc1 Rda8 26. Rc2 Nd3 27. Kf1 Nb4 28. Rb2 Nd5
29. Kf2 Nxe3 30. Rab1 Nxg2 31. Kxg2 Rxa2 32. Rxa2 Rxa2+ 33. Kg3 Rd2 34. Rb4 c5 35.
dxc5 bxc5 36. Ra4 Rd3+ 37. Kg2 Rd4 38. Ra8 c4 39. Kf2 c3 40. Ra1 c2 41. Rc1 Rd2+
42. Ke3 Rd3+ 43. Ke2 Rc3 44. g5 b5 45. Kd2 Rc6 46. h4 b4 47. Rxc2 Rxc2+ 48. Kxc2
Kc6 49. Kb3 Kd5 50. Kxb4 Kd4 51. Kb3 Kd3 52. Kb2 Kd2 53. Kb3 e3 54. Kc4 e2 55. Kd5
e1=Q 56. Kd6 Kd3 57. Kd5 Qe4+ 58. Kd6 Kd4 59. Kd7 Kd5 60. Kc7 Qe6  0-1

[Event "3rd 4NCL Easter Congress"]
[Site "Mercure Daventry Court Hotel"]
[Date "2023.04.07"]
[Round "1"]
[Board "16"]
[White "Joseph, Tomy"]
[Black "Mikalajunas, Mindaugas"]
[Result "1-0"]
[WhiteElo "1506"]
[BlackElo "1286"]
[PlyCount "59"]
[EventDate "2023.04.07"]
[EventRounds "7"]
[EventCountry "ENG"]

1. e4 e5 2. Nf3 Nc6 3. d4 exd4 4. Nxd4 Nxd4 5. Qxd4 Qf6 6. e5 Qb6 7. Qxb6 axb6 8.
Bc4 Bc5 9. Nc3 c6 10. O-O b5 11. Bb3 h6 12. Ne4 b6 13. Nd6+ Bxd6 14. exd6 c5 15.
Re1+ Kf8 16. Bd5 Rb8 17. Bf4 Nf6 18. Bf3 Bb7 19. Bxb7 Rxb7 20. Rad1 b4 21. h3 Nh5
22. Bh2 g5 23. Re7 Ng7 24. g4 Ne6 25. Rd3 Rh7 26. c3 bxc3 27. Rxc3 Rg7 28. Be5 Rg6
29. Ra3 Nd8 30. Ra8  1-0

[Event "3rd 4NCL Easter Congress"]
[Site "Mercure Daventry Court Hotel"]
[Date "2023.04.07"]
[Round "1"]
[Board "17"]
[White "Walker, Heather Enid"]
[Black "Mokhber-Garcia, Sebastian"]
[Result "0-1"]
[WhiteElo "1273"]
[BlackElo "1537"]
[PlyCount "42"]
[EventDate "2023.04.07"]
[EventRounds "7"]
[EventCountry "ENG"]

1. e4 e5 2. Nf3 Nc6 3. Bc4 Nf6 4. d3 Bc5 5. O-O d6 6. Nc3 Bg4 7. a3 Nd4 8. Na4 Bb6
9. h3 Nxf3+ 10. gxf3 Bxh3 11. Nxb6 axb6 12. Bg5 h6 13. Bh4 g5 14. Bg3 Nh5 15. Re1
Nf4 16. Kh2 Bd7 17. Bxf4 gxf4 18. Kg1 Bh3 19. Kh2 Qh4 20. Kg1 Rg8+ 21. Kh1 Bf1#  0-1

[Event "3rd 4NCL Easter Congress"]
[Site "Mercure Daventry Court Hotel"]
[Date "2023.04.07"]
[Round "1"]
[Board "18"]
[White "Fraser, Chris A"]
[Black "Bangalore Kumar, Rohith"]
[Result "1-0"]
[WhiteElo "1393"]
[BlackElo "1228"]
[PlyCount "49"]
[EventDate "2023.04.07"]
[EventRounds "7"]
[EventCountry "ENG"]

1. e4 e5 2. Nf3 Nc6 3. d4 exd4 4. Nxd4 Bc5 5. Nb3 Nf6 6. Nxc5 d6 7. Nb3 Nxe4 8. Be2
O-O 9. O-O Re8 10. Be3 Qf6 11. c3 Bf5 12. N1d2 d5 13. Nd4 Nxd2 14. Qxd2 Nxd4 15.
Bxd4 Qg6 16. Bf3 Be4 17. Qf4 Bxf3 18. Qxf3 Rad8 19. Rae1 Rxe1 20. Rxe1 b6 21. Qxd5
Qd6 22. Qxd6 cxd6 23. g3 h6 24. Re7 Ra8 25. Rd7  1-0

[Event "3rd 4NCL Easter Congress"]
[Site "Mercure Daventry Court Hotel"]
[Date "2023.04.07"]
[Round "1"]
[Board "19"]
[White "Liu, Murray"]
[Black "Vaidyanathan, Sathya"]
[Result "0-1"]
[WhiteElo "1166"]
[BlackElo "1325"]
[PlyCount "120"]
[EventDate "2023.04.07"]
[EventRounds "7"]
[EventCountry "ENG"]

1. d4 d5 2. Bf4 Nf6 3. e3 Bf5 4. Nd2 e6 5. Ngf3 c6 6. c4 Bd6 7. Ne5 h6 8. Rc1 Bc7
9. Qb3 Qc8 10. Be2 Nbd7 11. Nxd7 Nxd7 12. Bxc7 dxc4 13. Bxc4 Qxc7 14. O-O O-O 15.
e4 Bg6 16. Qh3 Qf4 17. Bxe6 fxe6 18. Qxe6+ Bf7 19. Qxd7 Qxd2 20. Qxb7 Qxd4 21. Qxc6
Rac8 22. Qa6 Bc4 23. Qa4 Qxe4 24. Rfe1 Qf5 25. Qxa7 Rce8 26. Rxe8 Rxe8 27. Qa4 Bf7
28. h3 Qg5 29. Rf1 Rf8 30. a3 Be6 31. Kh1 Qd5 32. Kg1 Rf6 33. Rd1 Qf5 34. Rd2 Qg5
35. Rd3 Qc1+ 36. Rd1 Qxb2 37. Rd8+ Kh7 38. Qe4+ Bf5 39. Qe8 Be6 40. Qh8+ Kg6 41.
Qe8+ Kg5 42. h4+ Kxh4 43. Qa4+ Kg5 44. Rd4 Qxf2+ 45. Kh1 Qe1+ 46. Kh2 Qh4+ 47. Kg1
Rf4 48. Rxf4 Qxf4 49. Qa5+ Kg4 50. Qc3 Qf6 51. Qh3+ Kf4 52. Qf3+ Ke5 53. Qe3+ Kd5
54. Qd3+ Qd4+ 55. Qxd4+ Kxd4 56. a4 Kc5 57. Kf2 Bg4 58. Kg3 h5 59. Kf4 g6 60. Kg5
Bf5  0-1

[Event "3rd 4NCL Easter Congress"]
[Site "Mercure Daventry Court Hotel"]
[Date "2023.04.07"]
[Round "1"]
[Board "20"]
[White "D'Agnese, Mattiangelo"]
[Black "Merrifield, Peter"]
[Result "1-0"]
[WhiteElo "1402"]
[BlackElo "1076"]
[PlyCount "45"]
[EventDate "2023.04.07"]
[EventRounds "7"]
[EventCountry "ENG"]

1. e4 c5 2. c3 Nc6 3. d4 cxd4 4. cxd4 e6 5. Nf3 d5 6. e5 Bb4+ 7. Nc3 Nge7 8. a3 Ba5
9. Bd3 Nf5 10. Be3 Nxe3 11. fxe3 O-O 12. O-O Bc7 13. Rc1 a6 14. Ne2 Bd7 15. Qe1 Rb8
16. Qg3 f5 17. Nf4 Be8 18. Nxe6 Qd7 19. Nxf8 Kxf8 20. Bxf5 Qd8 21. Bxh7 Ne7 22. Ng5+
Bf7 23. Ne6+  1-0

[Event "3rd 4NCL Easter Congress"]
[Site "Mercure Daventry Court Hotel"]
[Date "2023.04.07"]
[Round "1"]
[Board "21"]
[White "Gunarathne, Miheli"]
[Black "Wallman, James"]
[Result "0-1"]
[WhiteElo "873"]
[BlackElo "1517"]
[PlyCount "96"]
[EventDate "2023.04.07"]
[EventRounds "7"]
[EventCountry "ENG"]

1. e4 e5 2. Nf3 Nc6 3. Bb5 d6 4. h3 Nf6 5. Qe2 Bd7 6. c3 Be7 7. O-O O-O 8. Rd1 h6
9. d4 a6 10. Bxc6 Bxc6 11. d5 Bd7 12. c4 c5 13. b4 cxb4 14. c5 Qe8 15. a3 Bb5 16.
Qe3 bxa3 17. Bxa3 Rd8 18. cxd6 Bxd6 19. Bxd6 Rxd6 20. Nh4 Bd7 21. Qc5 Nxe4 22. Qe3
Nf6 23. Qc5 Qe7 24. Ra2 Rc8 25. Qb4 g5 26. Nf3 Bb5 27. Re1 Nxd5 28. Qa3 f6 29. Nd4
Qc7 30. Nf5 Rc6 31. Nc3 Rxc3 32. g3 Rxa3 33. Rxa3 Qc5 34. Raa1 Bd7 35. Nxh6+ Kh7
36. Nf7 Kg7 37. Nxe5 fxe5 38. Rxe5 Qd4 39. Rae1 Kg6 40. R5e4 Qc5 41. h4 gxh4 42.
Rxh4 Qc3 43. Rd1 Bc6 44. Rhd4 Qf3 45. R1d3 Qh5 46. Rc4 Re8 47. Rc1 Nb4 48. Rd4 Qh1#
 0-1

[Event "3rd 4NCL Easter Congress"]
[Site "Mercure Daventry Court Hotel"]
[Date "2023.04.08"]
[Round "2"]
[Board "1"]
[White "Whittington, Reece W"]
[Black "Joseph, Tomy"]
[Result "1-0"]
[WhiteElo "1589"]
[BlackElo "1506"]
[PlyCount "55"]
[EventDate "2023.04.07"]
[EventRounds "7"]
[EventCountry "ENG"]

1. d4 d5 2. c4 e6 3. Nc3 c6 4. Nf3 dxc4 5. e4 b5 6. a4 Bb4 7. Bd2 a6 8. axb5 Bxc3
9. Bxc3 cxb5 10. b3 Nf6 11. bxc4 Nxe4 12. Ba5 Qf6 13. cxb5 O-O 14. Bc7 Bb7 15. Bxb8
Raxb8 16. bxa6 Bd5 17. Bd3 Rfc8 18. Bxe4 Bxe4 19. O-O Bxf3 20. Qxf3 Qxd4 21. a7 Ra8
22. Qb7 Qd8 23. Rfd1 Qe8 24. Qd7 Qf8 25. Rab1 Re8 26. Rb7 Rec8 27. Rdb1 Re8 28. Qxe8
 1-0

[Event "3rd 4NCL Easter Congress"]
[Site "Mercure Daventry Court Hotel"]
[Date "2023.04.08"]
[Round "2"]
[Board "2"]
[White "Mokhber-Garcia, Sebastian"]
[Black "Maher, Mike P"]
[Result "1/2-1/2"]
[WhiteElo "1537"]
[BlackElo "1594"]
[PlyCount "65"]
[EventDate "2023.04.07"]
[EventRounds "7"]
[EventCountry "ENG"]

1. e4 c6 2. d4 d5 3. exd5 cxd5 4. Bd3 Nc6 5. c3 Qc7 6. Ne2 Bg4 7. f3 Bd7 8. Bf4 e5
9. dxe5 Nxe5 10. O-O Bd6 11. Bxe5 Bxe5 12. f4 Bd6 13. Qb3 Nf6 14. Na3 a6 15. g3 h5
16. h4 O-O 17. Rad1 Bg4 18. Rd2 Ne4 19. Bxe4 dxe4 20. Nd4 e3 21. Rd3 e2 22. Re1 Rfe8
23. Rd2 Bc5 24. Nc4 Bxd4+ 25. cxd4 Rad8 26. Ne5 Be6 27. d5 Qc5+ 28. Kg2 Rxd5 29.
Qc2 Rxe5 30. fxe5 Bd5+ 31. Kh3 Be6+ 32. Kg2 Bd5+ 33. Kh3  1/2-1/2

[Event "3rd 4NCL Easter Congress"]
[Site "Mercure Daventry Court Hotel"]
[Date "2023.04.08"]
[Round "2"]
[Board "3"]
[White "Fraser, Chris A"]
[Black "Robinson, Martyn"]
[Result "1/2-1/2"]
[WhiteElo "1393"]
[BlackElo "1639"]
[PlyCount "55"]
[EventDate "2023.04.07"]
[EventRounds "7"]
[EventCountry "ENG"]

1. e4 c5 2. Nc3 Nc6 3. f4 d6 4. Nf3 Nf6 5. Bb5 Bd7 6. O-O e6 7. d3 Be7 8. Qe1 O-O
9. e5 Nd5 10. Nxd5 exd5 11. c3 Nxe5 12. Bxd7 Nxd7 13. d4 Re8 14. Qf2 Rc8 15. Be3
c4 16. Rae1 Nf6 17. g3 Ne4 18. Qg2 h6 19. Nd2 f5 20. Qh3 Qd7 21. Qh5 Qe6 22. Qd1
Qg6 23. Nxe4 dxe4 24. d5 b6 25. Qa4 Rc7 26. Rd1 Rec8 27. Qc2 Bf6 28. Qe2  1/2-1/2

[Event "3rd 4NCL Easter Congress"]
[Site "Mercure Daventry Court Hotel"]
[Date "2023.04.08"]
[Round "2"]
[Board "4"]
[White "Vaidyanathan, Sathya"]
[Black "Shivakumar, Akshath"]
[Result "1-0"]
[WhiteElo "1325"]
[BlackElo "1408"]
[PlyCount "73"]
[EventDate "2023.04.07"]
[EventRounds "7"]
[EventCountry "ENG"]

1. e4 e6 2. d4 d5 3. exd5 exd5 4. Nf3 Nf6 5. Bd3 Be7 6. Bf4 Nbd7 7. c3 c5 8. O-O
O-O 9. Nbd2 c4 10. Bc2 b5 11. a3 Qb6 12. Bf5 Nb8 13. Bxc8 Rxc8 14. Bxb8 Raxb8 15.
Ne5 Bd6 16. Ng4 Nxg4 17. Qxg4 g6 18. Qg5 f6 19. Qxd5+ Kh8 20. Qf3 f5 21. Rfe1 Rf8
22. Re2 Qc7 23. g3 f4 24. Qg2 Qf7 25. Ree1 a5 26. Ne4 Bc7 27. Ng5 Qf5 28. Ne6 f3
29. Qf1 Rf7 30. Nxc7 Rxc7 31. Re5 Qc2 32. Qc1 Qa4 33. Qe1 Rcc8 34. Re7 Kg8 35. Qe6+
Kh8 36. Qf6+ Kg8 37. Qg7#  1-0

[Event "3rd 4NCL Easter Congress"]
[Site "Mercure Daventry Court Hotel"]
[Date "2023.04.08"]
[Round "2"]
[Board "5"]
[White "De Block, Gert"]
[Black "D'Agnese, Mattiangelo"]
[Result "1/2-1/2"]
[WhiteElo "1600"]
[BlackElo "1402"]
[PlyCount "130"]
[EventDate "2023.04.07"]
[EventRounds "7"]
[EventCountry "ENG"]

1. e4 e6 2. d4 d5 3. exd5 exd5 4. Nf3 Bd6 5. c4 c6 6. Nc3 Ne7 7. Bd3 dxc4 8. Bxc4
O-O 9. Bg5 Bg4 10. O-O Qb6 11. Ne4 Bxf3 12. Qxf3 Qxd4 13. Bb3 Qe5 14. Qg3 Qxg3 15.
hxg3 h6 16. Bd2 Nd7 17. Rad1 Nd5 18. Nc3 N7f6 19. Bc1 Nxc3 20. bxc3 Be5 21. Rd3 Rad8
22. Rfd1 Rxd3 23. Rxd3 Re8 24. Kf1 Nd5 25. c4 Nf6 26. Be3 b6 27. a4 c5 28. Bd1 Bc7
29. Bf3 Rd8 30. Rb3 Kf8 31. a5 Nd7 32. axb6 Bxb6 33. Rd3 Ne5 34. Rxd8+ Bxd8 35. Bxc5+
Ke8 36. Bd5 Bb6 37. Bd6 Nd7 38. Bc6 Kd8 39. Ke2 f6 40. f4 Bc5 41. Bxc5 Nxc5 42. Ke3
Kc7 43. Be8 a5 44. Kd2 Ne4+ 45. Ke3 Nxg3 46. Kf3 Nf5 47. c5 Ne7 48. Ke4 Nc6 49. Kf5
a4 50. Kg6 a3 51. Bf7 Na5 52. Kxg7 Kc6 53. Kxf6 Kxc5 54. Ba2 Nc6 55. Kg6 Nb4 56.
Bb3 a2 57. Bxa2 Nxa2 58. f5 Nc3 59. f6 Nd5 60. f7 Nf4+ 61. Kxh6 Ne6 62. g4 Kd6 63.
g5 Ke7 64. g6 Kf8 65. Kh5 Kg7  1/2-1/2

[Event "3rd 4NCL Easter Congress"]
[Site "Mercure Daventry Court Hotel"]
[Date "2023.04.08"]
[Round "2"]
[Board "6"]
[White "Wallman, James"]
[Black "Gilbert, David J"]
[Result "0-1"]
[WhiteElo "1517"]
[BlackElo "1552"]
[PlyCount "118"]
[EventDate "2023.04.07"]
[EventRounds "7"]
[EventCountry "ENG"]

1. e4 d5 2. exd5 Qxd5 3. Nc3 Qd6 4. Nf3 Nf6 5. d3 Bg4 6. Be2 c6 7. Be3 e6 8. O-O
Nbd7 9. Qd2 Qc7 10. a3 Bd6 11. h3 Bh5 12. Rac1 O-O 13. Rfd1 Nb6 14. Ne4 Nxe4 15.
dxe4 Rfd8 16. Qe1 Bxf3 17. Bxf3 Be5 18. c3 Nc4 19. Qe2 Nxe3 20. fxe3 Qb6 21. Kh1
Bf6 22. Rf1 Rd7 23. Bh5 Bg5 24. Rf3 g6 25. Rg3 Bh6 26. Bg4 Rad8 27. Rf1 Qc7 28. Rgf3
f5 29. exf5 exf5 30. Qf2 fxg4 31. hxg4 Bg7 32. Qh4 Rf8 33. Rxf8+ Bxf8 34. Qf2 Rf7
35. Qe2 Rxf1+ 36. Qxf1 Qf7 37. Qe2 Qe6 38. e4 Bd6 39. Qf3 Qe5 40. g3 Qxg3 41. Qxg3
Bxg3 42. b3 g5 43. Kg2 Bf4 44. Kf3 Kf7 45. c4 Ke6 46. b4 Ke5 47. b5 cxb5 48. cxb5
b6 49. a4 Kd4 50. Ke2 Kc3 51. Kf3 Kb4 52. Ke2 Kxa4 53. Kd3 Kxb5 54. Kd4 a5 55. e5
Bxe5+ 56. Kxe5 a4 57. Kf5 h6 58. Kg6 a3 59. Kxh6 a2  0-1

[Event "3rd 4NCL Easter Congress"]
[Site "Mercure Daventry Court Hotel"]
[Date "2023.04.08"]
[Round "2"]
[Board "7"]
[White "Neil, Graham"]
[Black "Veeturi, Yashvardhan"]
[Result "1-0"]
[WhiteElo "1578"]
[BlackElo "1183"]
[PlyCount "41"]
[EventDate "2023.04.07"]
[EventRounds "7"]
[EventCountry "ENG"]

1. d4 d5 2. Bf4 c6 3. h3 Bf5 4. Nf3 h6 5. e3 e6 6. Bd3 Bxd3 7. Qxd3 Qb6 8. b3 c5
9. O-O Nc6 10. c3 Nf6 11. Nbd2 cxd4 12. exd4 Be7 13. Rfe1 Rc8 14. Ne5 Nxe5 15. Bxe5
O-O 16. Qg3 Kh8 17. Rec1 Rc6 18. Qd3 Rfc8 19. c4 Qa6 20. Qe3 Nd7 21. Qxh6+  1-0

[Event "3rd 4NCL Easter Congress"]
[Site "Mercure Daventry Court Hotel"]
[Date "2023.04.08"]
[Round "2"]
[Board "8"]
[White "Craddock-Monroe, Harvey"]
[Black "Ashworth, Steven M"]
[Result "1-0"]
[WhiteElo "1545"]
[BlackElo "1434"]
[PlyCount "79"]
[EventDate "2023.04.07"]
[EventRounds "7"]
[EventCountry "ENG"]

1. e4 Nf6 2. e5 Nd5 3. Nc3 Nxc3 4. dxc3 Nc6 5. Nf3 d6 6. Bc4 e6 7. Bf4 d5 8. Bd3
Bd7 9. Qd2 Be7 10. h4 f6 11. Qe2 fxe5 12. Nxe5 Nxe5 13. Bxe5 Bf6 14. Qh5+ Ke7 15.
O-O-O Be8 16. Bxf6+ gxf6 17. Qe2 Bg6 18. h5 Bxd3 19. Rxd3 e5 20. Rhd1 Qg8 21. f4
Qe6 22. fxe5 f5 23. Rxd5 Rad8 24. Rxd8 Rxd8 25. Rxd8 Kxd8 26. b3 Ke7 27. Kb2 Qd5
28. c4 Qe4 29. Qxe4 fxe4 30. Kc3 Ke6 31. Kd4 e3 32. Kxe3 Kxe5 33. g4 c5 34. g5 Kf5
35. g6 hxg6 36. hxg6 Kxg6 37. Ke4 Kf6 38. Kd5 b6 39. Kc6 Ke5 40. Kb7  1-0

[Event "3rd 4NCL Easter Congress"]
[Site "Mercure Daventry Court Hotel"]
[Date "2023.04.08"]
[Round "2"]
[Board "9"]
[White "Gibbs, John"]
[Black "Kathuria, Dhruv"]
[Result "1-0"]
[WhiteElo "1636"]
[BlackElo "1456"]
[PlyCount "139"]
[EventDate "2023.04.07"]
[EventRounds "7"]
[EventCountry "ENG"]

1. e4 e5 2. Nf3 Nc6 3. Bb5 a6 4. Ba4 Nf6 5. O-O Be7 6. Re1 b5 7. Bb3 d6 8. c3 O-O
9. h3 Na5 10. Bc2 c5 11. d4 Qc7 12. d5 Nb7 13. Nbd2 Ne8 14. Nf1 f5 15. exf5 Bxf5
16. Bg5 Bxc2 17. Qxc2 h6 18. Bh4 Bxh4 19. Nxh4 Qf7 20. Ng6 Nc7 21. Nxf8 Rxf8 22.
Ne3 c4 23. b3 cxb3 24. axb3 Nxd5 25. Nxd5 Qxd5 26. Rxa6 Nc5 27. Rd1 Qe4 28. Qxe4
Nxe4 29. f3 Nxc3 30. Rdxd6 e4 31. fxe4 Nxe4 32. Rd5 Rb8 33. Re5 Nc3 34. Rc5 b4 35.
Rc7 Rd8 36. Raa7 Rd1+ 37. Kh2 Nb5 38. Rxg7+ Kf8 39. Raf7+ Ke8 40. Rb7 Kf8 41. Rh7
Kg8 42. Rxh6 Nd4 43. Rd6 Nf3+ 44. gxf3 Rxd6 45. Rxb4 Kf7 46. Kg3 Kg6 47. h4 Rd5 48.
Kg4 Rd6 49. f4 Rf6 50. Rb5 Rc6 51. h5+ Kf6 52. Rg5 Rc1 53. Rg6+ Kf7 54. b4 Rb1 55.
Rb6 Kg7 56. b5 Rg1+ 57. Kf5 Rh1 58. h6+ Kh7 59. Kg4 Rg1+ 60. Kf3 Rb1 61. Ke4 Re1+
62. Kf5 Rh1 63. Ke5 Re1+ 64. Kd5 Rd1+ 65. Kc6 Kxh6 66. Kc7+ Kg7 67. Rc6 Re1 68. b6
Re7+ 69. Kd8 Kf7 70. Rc7  1-0

[Event "3rd 4NCL Easter Congress"]
[Site "Mercure Daventry Court Hotel"]
[Date "2023.04.08"]
[Round "2"]
[Board "10"]
[White "Duffell, Andrew"]
[Black "Fisher, Neal"]
[Result "1-0"]
[WhiteElo "1383"]
[BlackElo "1519"]
[PlyCount "83"]
[EventDate "2023.04.07"]
[EventRounds "7"]
[EventCountry "ENG"]

1. d4 d5 2. c4 e5 3. dxe5 d4 4. a3 a5 5. e3 c5 6. Nf3 Nc6 7. Bd3 Bg4 8. Qc2 Bxf3
9. gxf3 a4 10. f4 Nge7 11. Be4 Qb6 12. Nd2 dxe3 13. fxe3 g6 14. Nf3 Bg7 15. Rb1 O-O
16. h4 h5 17. Bd2 f5 18. exf6 Rxf6 19. Bc3 Rf7 20. Bxg6 Nxg6 21. Qxg6 Re8 22. Ne5
Rfe7 23. Rg1 Qc7 24. Qxh5 Rxe5 25. fxe5 Rxe5 26. Bxe5 Nxe5 27. Rd1 Qe7 28. Rxg7+
Kxg7 29. Qg5+ Qxg5 30. hxg5 Nxc4 31. Rd7+ Kg6 32. Rxb7 Nxe3 33. Kd2 Nc4+ 34. Kc3
Ne3 35. Rb5 Kxg5 36. Rxc5+ Kf6 37. Kb4 Nd1 38. Rc2 Ne3 39. Rc1 Nd5+ 40. Kxa4 Ke6
41. Kb5 Kd6 42. Rd1  1-0